| 000 | 00935nam a22001697a 4500 | ||
|---|---|---|---|
| 005 | 20241001142032.0 | ||
| 008 | 230721b ||||| |||| 00| 0 eng d | ||
| 040 |
_cSSBUL _dSSBUL |
||
| 041 | _aMyanmar | ||
| 082 |
_223 _a၀၆၀.၉၅၉၁ အ _b၁၆၀၅၄ (S-SAT) |
||
| 245 | 0 | 0 | _aအမျိုးသားညီလာခံအစည်းအဝေး၌အမျိုးသားညီလာခံကျင်းပရေးလုပ်ငန်းကော်မတီ ဥက္ကဌ ဦးအောင်တိုး၏ ရှင်းလင်းပြောကြားချက် / |
| 260 |
_a[ရန်ကုန်] ၊ _b[ထုတ်ဝေသူမပါ]၊ _c၁၉၉၄။ |
||
| 300 |
_a၉၁ စာမျက်နှာ၊ _c၂၁ စင်တီ။ |
||
| 500 | _aS-SAT: Dr Sai Aung Tun Collection. | ||
| 650 |
_aညီလာခံ _zမြန်မာနိုင်ငံ။ _927845 |
||
| 942 |
_2ddc _cBK1 |
||
| 999 |
_c27385 _d27385 |
||